000 00456cam a2200145 4500500
005 20260322001425.0
041 _afre
042 _adc
100 1 0 _aCerf, Juliette
_eauthor
245 0 0 _aÉpreuve de l’impossible
260 _c2007.
500 _a100
786 0 _nPhilosophie magazine | 14 | 11 | 2007-11-01 | p. 50-51 | 1951-1787
856 4 1 _uhttps://shs.cairn.info/magazine-philosophie-magazine-2007-11-page-50?lang=fr&redirect-ssocas=7080
999 _c1714640
_d1714640